Statistics for 30 Biggest Cities in Germany

Click here to take the quiz!

General Stats

  • This quiz has been taken 209 times
  • The average score is 19 of 30

Answer Stats

PopulationCity% Correct
3 275 000Berlin
100%
1 685 000Hamburg
99%
1 185 000Munich
99%
965 000Köln
94%
650 000Frankfurt
91%
570 000Dusseldorf
89%
475 000Dresden
88%
580 000Stuttgart
88%
530 000Bremen
81%
590 000Essen
81%
585 000Dortmund
79%
485 000Leipzig
79%
310 000Bonn
74%
485 000Nurnberg
74%
515 000Hannover
64%
305 000Mannheim
59%
240 000Aachen
57%
515 000Duisburg
56%
365 000Wuppertal
51%
255 000Augsburg
49%
320 000Bielefeld
48%
265 000Munster
48%
390 000Bochum
46%
280 000Karlsruhe
44%
270 000Wiesbaden
41%
255 000Chemnitz
36%
275 000Gelsenkirchen
34%
265 000Mönchengladbach
33%
245 000Braunschweig
23%
240 000Krefeld
17%

Score Distribution

Percentile by Number Answered

Percent of People with Each Score

Your Score History

You have not taken this quiz